Statistiques concernant 10 plus grandes villes des Alpes-Maritimes

Cliquez ici pour prendre le quiz!

Statistiques générales

  • Ce quiz a été pris 75 fois
  • Le résultat moyen est 7 sur 10

Statistiques - réponses

PopulationVille% Correct
343 477Nice
100%
72 435Cannes
96%
74 709Antibes
90%
30 679Menton
88%
48 708Grasse
78%
52 100Cagnes-sur-Mer
59%
30 141Saint-Laurent-du-Var
52%
42 125Le Cannet
43%
21 772Mandelieu-la-Napoule
35%
27 970Vallauris
35%

Distribution des résultats

Percentile par nombre de réponses

% des personnes avec chaque résultat

Votre développement - résultats

Vous n’avez pas pris ce quiz